| 000 | 00000nam##2200000za#4500 |
| 001 | 9.602361 |
| 003 | CaOODSP |
| 005 | 20210624210531 |
| 007 | cr ||||||||||| |
| 008 | 150406|2001||||xxc|||||o f|0| 0 fre|d |
| 040 | |aCaOODSP|bfre |
| 043 | |an-cn--- |
| 086 | 1 |aCH3-2/2001F-PDF |
| 110 | 1 |aCanada. |bPatrimoine canadien. |
| 245 | 10|aMinorités francophones : |h[ressource électronique]|bassimilation et vitalité des communautés / |c[par] Michael O'Keefe. |
| 250 | |a2e éd. |
| 260 | |aOttawa - Ontario : |bPatrimoine canadien |cc2001. |
| 300 | |a113p.|bfigure, graphiques, tableaux |
| 490 | 1 |aNouvelles perspectives canadiennes |
| 500 | |a«Dans le présent document, nous tenterons d'examiner les concepts d'assimilation et de vitalité des communautés, de même que les données statistiques probantes sur la vitalité des communautés francophones hors Québec.»--Introduction. |
| 500 | |aLe n° de catalogue (CH3-2/2001) et l'ISBN (0-662-64786-6) de l'édition imprimée bilingue ont été incorrectement copiés dans l'édition électronique. |
| 504 | |aBibliographie. |
| 520 | 3 |aDans le présent document, nous tenterons d'examiner les concepts d'assimilation et de vitalité des communautés, de même que les données statistiques probantes sur la vitalité des communautés francophones hors Québec.--Introduction |
| 590 | |a11-22-Supp|b2011-10-13 |
| 691 | 07|aAcculturation|2gcpds |
| 691 | 07|aFrançais|2gcpds |
| 691 | 07|aFrancophonie|2gcpds |
| 720 | 1 |aO'Keefe, Michael |
| 775 | 08|tFrancophone minorities : |w(CaOODSP)9.571942 |
| 776 | 0#|tFrancophone minorities : |w(CaOODSP)9.533622 |
| 776 | 0#|tMinorités francophones : |w(CaOODSP)9.533623 |
| 830 | #0|aNouvelles perspectives canadiennes.|w(CaOODSP)9.501270 |
| 856 | 40|ahttp://publications.gc.ca|qPDF|s440 Ko|uhttps://publications.gc.ca/collections/collection_2011/pc-ch/CH3-2-2001-fra.pdf |